[Event "FIDE Olympiad Disabilties 2020"]
[Site "Online"]
[Date "2020.11.21"]
[Round "6.17"]
[White "McConnell, Griffin"]
[Black "Sanz Arilla, Luis"]
[Result "1-0"]
[WhiteElo "1823"]
[BlackElo "2254"]
[Annotator "TA"]
[PlyCount "115"]
[EventDate "2020.11.21"]
[EventType "team-tourn"]
[EventCountry "NET"]
[SourceTitle "playchess.com"]
[Source "ChessBase"]
[SourceQuality "1"]
[WhiteTeam "United States"]
[BlackTeam "Spain"]
[WhiteTeamCountry "USA"]
[BlackTeamCountry "ESP"]

1. e4 e5 2. Nf3 Nc6 3. Bb5 a6 4. Ba4 Nf6 5. d3 d6 6. h3 g6 7. c3 Bg7 8. Bg5 h6 9. Be3 O-O 10. Nbd2 b5 11. Bc2 Bb7 12. O-O Ne7 13. b4 Nd7 14. g4 f5 15. gxf5 gxf5 16. exf5 Nxf5 17. d4 Qe8 18. Bxf5 Rxf5 19. Nh4 Rg5+ 20. Bxg5 hxg5 21. Nf5 exd4 22. cxd4 Nf6 23. Kh2 Qe6 24. Qc2 Bc8 25. Nxg7 Qxh3+ 26. Kg1 Ng4 27. Qb3+ Qxb3 28. Nxb3 Kxg7 29. Rac1 Ra7 30. Rfe1 Kf7 31. f3 Nf6 32. a3 Nd5 33. Nd2 a5 34. Ne4 Kg6 35. Nxd6 Bd7 36. Re5 c6 37. Nxb5 Ra8 38. Nc3 Nxc3 39. Rxc3 axb4 40. axb4 Ra1+ 41. Kf2 Kf6 42. Rec5 Rb1 43. d5 cxd5 44. Rxd5 Ba4 45. Rd4 Rb2+ 46. Kg3 Bb5 47. f4 gxf4+ 48. Kxf4 Be2 49. Rc6+ Kf7 50. Ke5 Ke7 51. Rc7+ Ke8 52. Ke6 Ba6 53. Ra7 Re2+ 54. Kd5 Bc8 55. Re4+ Rxe4 56. Kxe4 Kd8 57. Kd5 Bd7 58. Kd6 1-0

[Event "FIDE Olympiad Disabilties 2020"]
[Site "Online"]
[Date "2020.11.21"]
[Round "6.17"]
[White "Simone, Valeria"]
[Black "Shankar, Pranav"]
[Result "0-1"]
[WhiteElo "1453"]
[BlackElo "1499"]
[Annotator "NA"]
[PlyCount "44"]
[EventDate "2020.11.21"]
[EventType "team-tourn"]
[EventCountry "NET"]
[SourceTitle "playchess.com"]
[Source "ChessBase"]
[SourceQuality "1"]
[WhiteTeam "Argentina"]
[BlackTeam "United States"]
[WhiteTeamCountry "ARG"]
[BlackTeamCountry "USA"]

1. Nf3 d5 2. e3 c5 3. c4 e6 4. cxd5 exd5 5. d4 Nc6 6. Bb5 Nf6 7. Nbd2 Bg4 8. Qa4 Bd7 9. Qc2 cxd4 10. Nxd4 Nxd4 11. Bxd7+ Qxd7 12. exd4 Rc8 13. Qd1 Be7 14. O-O O-O 15. Nf3 Bd6 16. Bg5 Ne4 17. Be3 f5 18. Nd2 f4 19. Nxe4 dxe4 20. Bd2 f3 21. Qb3+ Kh8 22. g3 Qh3 0-1

[Event "FIDE Olympiad Disabilties 2020"]
[Site "Online"]
[Date "2020.11.21"]
[Round "6.18"]
[White "Larduet Despaigne, Carlos"]
[Black "Altinok, Kerim Osman"]
[Result "1-0"]
[WhiteElo "2293"]
[BlackElo "1565"]
[Annotator "TA"]
[PlyCount "91"]
[EventDate "2020.11.21"]
[EventType "team-tourn"]
[EventCountry "NET"]
[SourceTitle "playchess.com"]
[Source "ChessBase"]
[SourceQuality "1"]
[WhiteTeam "Cuba"]
[BlackTeam "Turkey"]
[WhiteTeamCountry "CUB"]
[BlackTeamCountry "TUR"]

1. c4 e6 2. d4 d5 3. Nf3 Nf6 4. Nc3 Nbd7 5. cxd5 exd5 6. Bg5 c6 7. e3 Be7 8. Bd3 Ne4 9. Bxe7 Qxe7 10. Bxe4 dxe4 11. Nd2 Nf6 12. Qc2 Bf5 13. O-O Bg6 14. Nc4 O-O 15. Qb3 Rad8 16. Rac1 Rfe8 17. Qa3 Qxa3 18. Nxa3 Nd5 19. Nxd5 Rxd5 20. Nc4 f6 21. b4 Red8 22. a3 Bf5 23. Rc3 Kf7 24. h3 h5 25. Rfc1 g5 26. Na5 R8d7 27. Nb3 Re7 28. Kh2 a6 29. Rc5 Be6 30. Nd2 Rxc5 31. bxc5 Bd5 32. Nb1 f5 33. Nc3 Rd7 34. Rb1 Ke6 35. h4 g4 36. Ne2 Kf6 37. Nf4 Bf7 38. Kg3 Re7 39. Rb4 Rd7 40. Rb1 Re7 41. Rb6 Kg7 42. Ne2 Rd7 43. Kf4 Re7 44. Kxf5 Bd5 45. Nf4 Bf7 46. Kg5 1-0

[Event "FIDE Olympiad Disabilties 2020"]
[Site "Online"]
[Date "2020.11.21"]
[Round "6.18"]
[White "Marrero Infante, Karla"]
[Black "Yardimci, Bekir Ertan"]
[Result "1-0"]
[WhiteElo "1812"]
[BlackElo "1208"]
[Annotator "NA"]
[PlyCount "49"]
[EventDate "2020.11.21"]
[EventType "team-tourn"]
[EventCountry "NET"]
[SourceTitle "playchess.com"]
[Source "ChessBase"]
[SourceQuality "1"]
[WhiteTeam "Cuba"]
[BlackTeam "Turkey"]
[WhiteTeamCountry "CUB"]
[BlackTeamCountry "TUR"]

1. e4 e6 2. d4 d5 3. exd5 exd5 4. Nf3 Nf6 5. Bg5 Be7 6. Bd3 Bg4 7. Nbd2 Nbd7 8. O-O O-O 9. h3 Bxf3 10. Nxf3 h6 11. Bd2 c5 12. c3 Qb6 13. Rb1 Rfe8 14. Re1 Rac8 15. Bc2 Nf8 16. Be3 Bd6 17. Nh4 Ne6 18. Qf3 cxd4 19. Bxh6 gxh6 20. Qxf6 Be7 21. Qxh6 Bxh4 22. Bh7+ Kh8 23. Bg6+ Kg8 24. Qh7+ Kf8 25. Qxf7# 1-0

[Event "FIDE Olympiad Disabilties 2020"]
[Site "Online"]
[Date "2020.11.21"]
[Round "6.18"]
[White "Koksal, Recep"]
[Black "Morales Romero, Pedro"]
[Result "0-1"]
[WhiteElo "1711"]
[BlackElo "2332"]
[Annotator "TA"]
[PlyCount "96"]
[EventDate "2020.11.21"]
[EventType "team-tourn"]
[EventCountry "NET"]
[SourceTitle "playchess.com"]
[Source "ChessBase"]
[SourceQuality "1"]
[WhiteTeam "Turkey"]
[BlackTeam "Cuba"]
[WhiteTeamCountry "TUR"]
[BlackTeamCountry "CUB"]

1. d4 Nf6 2. Nf3 d5 3. g3 g6 4. Bg2 Bg7 5. O-O O-O 6. c4 c6 7. Nc3 dxc4 8. Ne5 Be6 9. e4 Qc8 10. Qe2 b5 11. a4 b4 12. Na2 a5 13. Nxc4 Qa6 14. b3 Nbd7 15. Bb2 Nb6 16. Rfc1 Bxc4 17. bxc4 Nxa4 18. e5 Nd5 19. Qc2 Ndb6 20. Bxc6 Nxb2 21. Bxa8 Rxa8 22. Qxb2 Nxc4 23. Qe2 Na3 24. Qxa6 Rxa6 25. Rc8+ Bf8 26. Nc1 e6 27. Nd3 Kg7 28. Kf1 Ra7 29. Ke2 Be7 30. Nc5 Nb5 31. Kd3 Nc3 32. Rb8 Nd5 33. Rb5 a4 34. Kc4 a3 35. Kb3 g5 36. Ne4 Rc7 37. Nc5 Ra7 38. h3 h5 39. Nb7 Ra6 40. Nc5 Ra7 41. Rc1 Kg6 42. Rc2 h4 43. gxh4 gxh4 44. f3 Kf5 45. Nd3 a2 46. Rxa2 Rxa2 47. Rxd5 Ra3+ 48. Kc4 Rc3+ 0-1

[Event "FIDE Olympiad Disabilties 2020"]
[Site "Online"]
[Date "2020.11.21"]
[Round "6.19"]
[White "Dima, Mihai"]
[Black "Marimuthu K"]
[Result "1-0"]
[WhiteElo "1997"]
[BlackElo "1588"]
[Annotator "TA"]
[PlyCount "99"]
[EventDate "2020.11.21"]
[EventType "team-tourn"]
[EventCountry "NET"]
[SourceTitle "playchess.com"]
[Source "ChessBase"]
[SourceQuality "1"]
[WhiteTeam "Romania"]
[BlackTeam "India"]
[WhiteTeamCountry "ROU"]
[BlackTeamCountry "IND"]

1. e4 c5 2. Nf3 e6 3. d4 cxd4 4. Nxd4 Nc6 5. Nb5 d6 6. c4 a6 7. N5c3 Nf6 8. Be3 b6 9. Be2 Qc7 10. O-O Ne5 11. Nd2 Bb7 12. f4 Ned7 13. Rc1 Be7 14. Kh1 O-O 15. b4 Rac8 16. Bd3 Rfe8 17. Qe2 Qb8 18. a3 Bd8 19. Nb3 Qa8 20. Bf2 Bc7 21. Bh4 d5 22. e5 dxc4 23. Bxc4 Nd5 24. Nxd5 exd5 25. Bd3 Bd8 26. Rxc8 Bxc8 27. Bxd8 Rxd8 28. Rf3 Bb7 29. Rh3 g6 30. f5 Re8 31. e6 d4 32. exf7+ Kxf7 33. fxg6+ hxg6 34. Bxg6+ Kxg6 35. Qg4+ Kf6 36. Rh6+ Ke5 37. Qxd7 Bxg2+ 38. Kg1 Bd5 39. Qd6+ Ke4 40. Qg6+ Ke3 41. Rh3+ Bf3 42. Qg5+ Kd3 43. Qd2+ Kc4 44. Qc2+ Kd5 45. Rxf3 Re1+ 46. Kf2 Re5 47. Nxd4 Qh8 48. Qc6+ Kxd4 49. Qd6+ Rd5 50. Qf4# 1-0

[Event "FIDE Olympiad Disabilties 2020"]
[Site "Online"]
[Date "2020.11.21"]
[Round "6.19"]
[White "Kavlekar, Sanjay R."]
[Black "Carapit, Vasile"]
[Result "1-0"]
[WhiteElo "1730"]
[BlackElo "1760"]
[Annotator "NA"]
[PlyCount "147"]
[EventDate "2020.11.21"]
[EventType "team-tourn"]
[EventCountry "NET"]
[SourceTitle "playchess.com"]
[Source "ChessBase"]
[SourceQuality "1"]
[WhiteTeam "India"]
[BlackTeam "Romania"]
[WhiteTeamCountry "IND"]
[BlackTeamCountry "ROU"]

1. e4 e5 2. Nf3 d6 3. d4 exd4 4. Nxd4 Nf6 5. Nc3 Be7 6. Bc4 O-O 7. O-O Bd7 8. h3 Nc6 9. Be3 a6 10. a3 b5 11. Nxc6 Bxc6 12. Bd5 Qd7 13. Qf3 Bxd5 14. exd5 Rac8 15. Rfd1 c6 16. dxc6 Qxc6 17. Qxc6 Rxc6 18. Rac1 Rfc8 19. Bg5 Kf8 20. Re1 h6 21. Bf4 Nh5 22. Bh2 Nf6 23. Re2 d5 24. Be5 Rd8 25. Rd1 Re6 26. Bd4 Rxe2 27. Nxe2 Ne4 28. c3 Bf6 29. Bxf6 Nxf6 30. f3 Ke7 31. Nd4 Kd7 32. Nf5 Rg8 33. Kf2 Ke6 34. g4 h5 35. Re1+ Kd7 36. Re7+ Kd8 37. Rxf7 hxg4 38. hxg4 Ne8 39. Nd4 Nd6 40. Ra7 Re8 41. Nc6+ Kc8 42. Rxg7 Nc4 43. Ra7 Re6 44. Nb4 Nxb2 45. Rxa6 Rxa6 46. Nxa6 Nc4 47. Nb4 Nxa3 48. Nxd5 Nc4 49. f4 Kd7 50. Kf3 Kd6 51. Nb4 Nd2+ 52. Ke3 Nf1+ 53. Ke4 Nd2+ 54. Kf5 Nb1 55. Na2 Nd2 56. g5 Ke7 57. Kg6 Ne4 58. f5 Kf8 59. f6 Kg8 60. Kf5 Nd6+ 61. Ke6 Ne4 62. g6 Kf8 63. g7+ Kg8 64. Ke7 Ng5 65. Nb4 Nf7 66. Nd5 Ne5 67. Nc7 Ng6+ 68. Ke8 Ne5 69. Nxb5 Nf7 70. Nc7 Ne5 71. Nd5 Nf7 72. Ne7+ Kh7 73. g8=Q+ Kh6 74. Qg6# 1-0

[Event "FIDE Olympiad Disabilties 2020"]
[Site "Online"]
[Date "2020.11.21"]
[Round "6.19"]
[White "Curticapean, Pavel"]
[Black "Malika, Handa"]
[Result "1-0"]
[WhiteElo "1728"]
[BlackElo "1345"]
[Annotator "NA"]
[PlyCount "47"]
[EventDate "2020.11.21"]
[EventType "team-tourn"]
[EventCountry "NET"]
[SourceTitle "playchess.com"]
[Source "ChessBase"]
[SourceQuality "1"]
[WhiteTeam "Romania"]
[BlackTeam "India"]
[WhiteTeamCountry "ROU"]
[BlackTeamCountry "IND"]

1. e4 c5 2. Nf3 Nc6 3. Nc3 g6 4. d4 cxd4 5. Nxd4 Bg7 6. Be3 d6 7. Bb5 Bd7 8. O-O Nf6 9. f3 O-O 10. Qd2 a6 11. Bd3 Ne5 12. Nd5 Rc8 13. c3 Nc4 14. Qe2 Nxe3 15. Nxe3 Ne8 16. Kh1 Nc7 17. Rac1 Ne6 18. Nxe6 Bxe6 19. Nd5 Bxd5 20. exd5 Qd7 21. Bc4 Qc7 22. Bb3 b5 23. Rcd1 Rfe8 24. Qd3 1-0

[Event "FIDE Olympiad Disabilties 2020"]
[Site "Online"]
[Date "2020.11.21"]
[Round "6.19"]
[White "Krishna Reddy Garugu"]
[Black "Lupascu, Maria"]
[Result "1/2-1/2"]
[WhiteElo "1475"]
[BlackElo "1480"]
[Annotator "NA"]
[PlyCount "99"]
[EventDate "2020.11.21"]
[EventType "team-tourn"]
[EventCountry "NET"]
[SourceTitle "playchess.com"]
[Source "ChessBase"]
[SourceQuality "1"]
[WhiteTeam "India"]
[BlackTeam "Romania"]
[WhiteTeamCountry "IND"]
[BlackTeamCountry "ROU"]

1. Nf3 c5 2. c4 Nf6 3. g3 Nc6 4. Bg2 d6 5. Nc3 e5 6. d3 h6 7. O-O Be7 8. b3 O-O 9. e3 a6 10. Bb2 Be6 11. d4 cxd4 12. exd4 exd4 13. Nxd4 Bd7 14. Re1 Rb8 15. Nxc6 Bxc6 16. Nd5 Nxd5 17. cxd5 Bd7 18. Qf3 f5 19. h4 Bf6 20. Bxf6 Qxf6 21. Qe3 Rfe8 22. Qb6 f4 23. Qc7 Bf5 24. Rac1 fxg3 25. fxg3 b6 26. Rxe8+ Rxe8 27. Qxb6 Re2 28. Rf1 Qe5 29. Rf2 Re1+ 30. Kh2 Re3 31. Rf3 Rxf3 32. Bxf3 Qb2+ 33. Kg1 Qa1+ 34. Kf2 Qxa2+ 35. Be2 Bd3 36. Qe3 Qxe2+ 37. Qxe2 Bxe2 38. Kxe2 Kf7 39. Kd3 Kf6 40. Ke4 h5 41. Kf4 g6 42. g4 hxg4 43. Kxg4 Kf7 44. Kg5 Kg7 45. b4 Kf7 46. Kg4 Kf6 47. Kf4 Kf7 48. Kg4 Kf6 49. Kf4 Kf7 50. Kg4 1/2-1/2

[Event "FIDE Olympiad Disabilties 2020"]
[Site "Online"]
[Date "2020.11.21"]
[Round "6.20"]
[White "Rosikhin, Igor"]
[Black "Rosales, Jhon Mike"]
[Result "1-0"]
[WhiteElo "1832"]
[BlackElo "1690"]
[Annotator "NA"]
[PlyCount "81"]
[EventDate "2020.11.21"]
[EventType "team-tourn"]
[EventCountry "NET"]
[SourceTitle "playchess.com"]
[Source "ChessBase"]
[SourceQuality "1"]
[WhiteTeam "Belarus"]
[BlackTeam "Colombia"]
[WhiteTeamCountry "BLR"]
[BlackTeamCountry "COL"]

1. e4 e6 2. d3 d5 3. Nd2 c5 4. Ngf3 Nc6 5. g3 Nf6 6. Bg2 Be7 7. O-O b6 8. Re1 O-O 9. e5 Nd7 10. Nf1 f6 11. Bh3 Ndxe5 12. Nxe5 Nxe5 13. f4 Nf7 14. Bxe6 Qd6 15. Qe2 Re8 16. Bd2 Bb7 17. Qh5 Rf8 18. Bf5 g6 19. Bxg6 hxg6 20. Qxg6+ Kh8 21. f5 Ne5 22. Qh5+ Kg8 23. c3 d4 24. c4 Rf7 25. Bf4 Qc6 26. Re4 Nxd3 27. Bh6 Rh7 28. Rg4+ Kh8 29. Bg7+ Kg8 30. Bh6+ Kh8 31. Bg7+ Kg8 32. Bxf6+ Kf8 33. Bxe7+ Rxe7 34. Qh8+ Kf7 35. Rg7+ Kf6 36. Rg6+ Kf7 37. Rg7+ Kf6 38. Qh6+ Kxf5 39. Rg5+ Ke4 40. Nd2+ Ke3 41. Re5# 1-0

[Event "FIDE Olympiad Disabilties 2020"]
[Site "Online"]
[Date "2020.11.21"]
[Round "6.20"]
[White "Tsitou, Dzmitry"]
[Black "Centenaro Erazo, Nicole Daniela"]
[Result "1-0"]
[WhiteElo "1773"]
[BlackElo "1304"]
[Annotator "NA"]
[PlyCount "95"]
[EventDate "2020.11.21"]
[EventType "team-tourn"]
[EventCountry "NET"]
[SourceTitle "playchess.com"]
[Source "ChessBase"]
[SourceQuality "1"]
[WhiteTeam "Belarus"]
[BlackTeam "Colombia"]
[WhiteTeamCountry "BLR"]
[BlackTeamCountry "COL"]

1. e4 e5 2. Nf3 Nc6 3. d4 exd4 4. Bc4 Nf6 5. e5 d5 6. exf6 dxc4 7. fxg7 Bxg7 8. Bg5 Qd6 9. O-O Be6 10. Nbd2 Kd7 11. Ne4 Qd5 12. Re1 Rhg8 13. Qe2 Rae8 14. Bf6 Bf5 15. Nfd2 Kc8 16. Qf3 Bxf6 17. Nxf6 Qxf3 18. Nxf3 Rxe1+ 19. Rxe1 Rd8 20. c3 d3 21. Nd2 b5 22. f3 Kb7 23. Kf2 Rd6 24. Nfe4 Bxe4 25. Rxe4 a5 26. a4 Kb6 27. axb5 Kxb5 28. Rxc4 Ne5 29. Re4 Ng6 30. g3 Kb6 31. Nc4+ Kc6 32. Nxd6 cxd6 33. Ke3 d5 34. Ra4 Kb5 35. Rd4 Kc5 36. f4 Ne7 37. Rxd3 Nf5+ 38. Kd2 a4 39. Kc2 Kc4 40. g4 Nd6 41. Rd4+ Kc5 42. Rxa4 Ne4 43. Rxe4 dxe4 44. Kd2 Kc4 45. Ke3 Kd5 46. h4 f6 47. c4+ Ke6 48. Kxe4 1-0

[Event "FIDE Olympiad Disabilties 2020"]
[Site "Online"]
[Date "2020.11.21"]
[Round "6.20"]
[White "Sanchez Ramirez, Hernan Anderson"]
[Black "Mikhalionak, Alena"]
[Result "1-0"]
[WhiteElo "1725"]
[BlackElo "1508"]
[Annotator "NA"]
[PlyCount "87"]
[EventDate "2020.11.21"]
[EventType "team-tourn"]
[EventCountry "NET"]
[SourceTitle "playchess.com"]
[Source "ChessBase"]
[SourceQuality "1"]
[WhiteTeam "Cuba"]
[BlackTeam "Belarus"]
[WhiteTeamCountry "CUB"]
[BlackTeamCountry "BLR"]

1. d4 Nf6 2. c4 g6 3. Nc3 d5 4. Nf3 Bg7 5. e3 O-O 6. h3 c6 7. cxd5 Nxd5 8. Bc4 Nxc3 9. bxc3 c5 10. O-O Qc7 11. Bd3 Nd7 12. Ba3 b6 13. Be4 Rb8 14. Rc1 Rd8 15. Qe2 Bb7 16. Bxb7 Rxb7 17. c4 e6 18. Rfd1 Rbb8 19. Ng5 Nf6 20. Qf3 h6 21. Ne4 Nxe4 22. Qxe4 Bf8 23. d5 exd5 24. cxd5 Qd6 25. Qc4 Bg7 26. Rd3 Kh7 27. e4 Re8 28. Rf3 Kg8 29. Rd1 Rbc8 30. Bc1 Rcd8 31. Bf4 Qd7 32. Bh2 Be5 33. Re3 Bxh2+ 34. Kxh2 Qd6+ 35. g3 Qf6 36. f4 Qg7 37. e5 f5 38. d6+ Kh7 39. e6 Qf6 40. Qd5 h5 41. Re5 Kh6 42. h4 Qg7 43. e7 Rd7 44. Qe6 1-0

[Event "FIDE Olympiad Disabilties 2020"]
[Site "Online"]
[Date "2020.11.21"]
[Round "6.21"]
[White "Alam, Khorshed"]
[Black "Talikadze, Leri"]
[Result "0-1"]
[WhiteElo "2065"]
[BlackElo "1162"]
[Annotator "TA"]
[PlyCount "90"]
[EventDate "2020.11.21"]
[EventType "team-tourn"]
[EventCountry "NET"]
[SourceTitle "playchess.com"]
[Source "ChessBase"]
[SourceQuality "1"]
[WhiteTeam "Bangladesh"]
[BlackTeam "Georgia"]
[WhiteTeamCountry "BAN"]
[BlackTeamCountry "GEO"]

1. d4 Nf6 2. Nf3 e6 3. g3 d5 4. Bg2 Be7 5. O-O c6 6. c4 O-O 7. Qc2 Ne4 8. Nbd2 f5 9. Ne5 Nd7 10. Ndf3 Ndf6 11. b3 Qe8 12. Nd2 Qh5 13. f3 Ng5 14. h4 Nf7 15. Kh2 g5 16. Rh1 gxh4 17. Kg1 Nxe5 18. dxe5 Nd7 19. cxd5 exd5 20. Bb2 Qg6 21. gxh4 Bc5+ 22. Kh2 Bf2 23. Nf1 Qh5 24. Bh3 Qxh4 25. Kg2 Bb6 26. e3 Qg5+ 27. Kf2 Qh4+ 28. Ke2 Nc5 29. Ng3 Rf7 30. Nxf5 Bxf5 31. Bxf5 Qe7 32. e6 Nxe6 33. Rag1+ Kf8 34. Bxe6 Qxe6 35. Rxh7 Qxe3+ 36. Kd1 Qxg1+ 37. Kd2 Qf2+ 38. Kc1 Qxc2+ 39. Kxc2 Rxh7 40. Kd3 Ke7 41. Be5 Rf8 42. f4 Rh3+ 43. Kc2 Bc5 44. a4 Bb4 45. Kb2 Rg8 0-1

[Event "FIDE Olympiad Disabilties 2020"]
[Site "Online"]
[Date "2020.11.21"]
[Round "6.21"]
[White "Simbelov, Roman T."]
[Black "Marufa Azad, Sukanna"]
[Result "0-1"]
[WhiteElo "1715"]
[BlackElo "1164"]
[Annotator "NA"]
[PlyCount "36"]
[EventDate "2020.11.21"]
[EventType "team-tourn"]
[EventCountry "NET"]
[SourceTitle "playchess.com"]
[Source "ChessBase"]
[SourceQuality "1"]
[WhiteTeam "Russia"]
[BlackTeam "Bangladesh"]
[WhiteTeamCountry "RUS"]
[BlackTeamCountry "BAN"]

1. e4 e5 2. Nf3 Nc6 3. Bb5 a6 4. Bxc6 dxc6 5. O-O Bd6 6. Nc3 Bg4 7. d3 Be7 8. h3 Bh5 9. g4 Bg6 10. Nxe5 Qd6 11. Nxg6 hxg6 12. Qf3 O-O-O 13. Ne2 g5 14. Qf5+ Kb8 15. Qxf7 Rxh3 16. Ng3 Rxg3+ 17. Kh1 Rh3+ 18. Kg2 Qh2# 0-1

[Event "FIDE Olympiad Disabilties 2020"]
[Site "Online"]
[Date "2020.11.21"]
[Round "6.22"]
[White "Fernandez Manrique, Agustin"]
[Black "Gora, Tapiwa"]
[Result "1-0"]
[WhiteElo "2090"]
[BlackElo "1929"]
[Annotator "TA"]
[PlyCount "45"]
[EventDate "2020.11.21"]
[EventType "team-tourn"]
[EventCountry "NET"]
[SourceTitle "playchess.com"]
[Source "ChessBase"]
[SourceQuality "1"]
[WhiteTeam "Spain"]
[BlackTeam "Zimbabwe"]
[WhiteTeamCountry "ESP"]
[BlackTeamCountry "ZIM"]

1. c4 Nf6 2. Nc3 e6 3. e4 d5 4. e5 d4 5. exf6 dxc3 6. bxc3 Qxf6 7. Bd3 e5 8. Nf3 Bg4 9. Be4 Nc6 10. O-O Be7 11. Rb1 b6 12. d4 O-O 13. Bxc6 Qxc6 14. Nxe5 Qe4 15. Qxg4 Qxg4 16. Nxg4 f6 17. Ne3 c6 18. Nf5 Bd8 19. Re1 Kf7 20. Ba3 Rh8 21. Re3 g5 22. g4 Re8 23. Nd6+ 1-0

[Event "FIDE Olympiad Disabilties 2020"]
[Site "Online"]
[Date "2020.11.21"]
[Round "6.22"]
[White "CHIKAFU, ONAI"]
[Black "Draghici Flutur, Gavril"]
[Result "0-1"]
[WhiteElo "1494"]
[BlackElo "2072"]
[Annotator "TA"]
[PlyCount "112"]
[EventDate "2020.11.21"]
[EventType "team-tourn"]
[EventCountry "NET"]
[SourceTitle "playchess.com"]
[Source "ChessBase"]
[SourceQuality "1"]
[WhiteTeam "Zimbabwe"]
[BlackTeam "Spain"]
[WhiteTeamCountry "ZIM"]
[BlackTeamCountry "ESP"]

1. e4 c5 2. Nf3 Nc6 3. Bc4 e6 4. c3 d5 5. exd5 exd5 6. Be2 Nf6 7. O-O Bd6 8. d4 c4 9. Nbd2 O-O 10. Re1 b5 11. Nf1 h6 12. Ng3 a5 13. a3 Re8 14. Be3 Bd7 15. Qc2 b4 16. axb4 axb4 17. Rxa8 Qxa8 18. Nf5 Bf8 19. Bf4 Ne4 20. Ne3 Qa5 21. Bf1 bxc3 22. Nxc4 dxc4 23. bxc3 Qxc3 24. Qxc3 Nxc3 25. Rxe8 Bxe8 26. Bxc4 g5 27. Be3 Bg7 28. h3 Bd7 29. Kf1 Ne4 30. Ke2 Nd6 31. Bb3 Bf5 32. d5 Ne5 33. Nd4 Bd3+ 34. Ke1 Bc4 35. Bxc4 Nexc4 36. Ke2 Nxe3 37. Kxe3 Bxd4+ 38. Kxd4 Kf8 39. Ke5 Ke7 40. g3 f6+ 41. Kd4 f5 42. Ke5 h5 43. f3 Kd7 44. Kf6 g4 45. fxg4 h4 46. gxh4 f4 47. h5 f3 48. h6 f2 49. h7 f1=Q+ 50. Kg6 Qd3+ 51. Kg7 Ne8+ 52. Kh6 Qxh3+ 53. Kg6 Qxg4+ 54. Kh6 Qg7+ 55. Kh5 Nf6+ 56. Kh4 Qg4# 0-1

[Event "FIDE Olympiad Disabilties 2020"]
[Site "Online"]
[Date "2020.11.21"]
[Round "6.22"]
[White "Lago Carballo, Carmen"]
[Black "Shonhiwa, Natasha"]
[Result "1-0"]
[WhiteElo "1328"]
[BlackElo "1275"]
[Annotator "NA"]
[PlyCount "59"]
[EventDate "2020.11.21"]
[EventType "team-tourn"]
[EventCountry "NET"]
[SourceTitle "playchess.com"]
[Source "ChessBase"]
[SourceQuality "1"]
[WhiteTeam "Spain"]
[WhiteTeamCountry "ESP"]

1. e4 e6 2. Nf3 d6 3. Nc3 Be7 4. d4 Nf6 5. Bd3 Nc6 6. O-O Bf8 7. Bg5 d5 8. e5 Qd7 9. exf6 Rg8 10. fxg7 Rxg7 11. Bh6 Rg8 12. Bxf8 Kxf8 13. Bxh7 Rg7 14. Bd3 e5 15. dxe5 Qg4 16. g3 Bf5 17. Bxf5 Qxf5 18. Re1 Rd8 19. Qe2 d4 20. Qe4 Qh3 21. Nd5 Qh4 22. Nxh4 b6 23. Nxc7 Ne7 24. Rad1 a5 25. Rxd4 Rxd4 26. Qxd4 Nc6 27. Qd5 f6 28. Qxc6 Kf7 29. Qe6+ Kf8 30. Qe8# 1-0

[Event "FIDE Olympiad Disabilties 2020"]
[Site "Online"]
[Date "2020.11.21"]
[Round "6.23"]
[White "Mosongoh Geoffrey Maoga"]
[Black "Arias Cano, Iliak Omar"]
[Result "0-1"]
[WhiteElo "1199"]
[BlackElo "1882"]
[Annotator "NA"]
[PlyCount "94"]
[EventDate "2020.11.21"]
[EventType "team-tourn"]
[EventCountry "NET"]
[SourceTitle "playchess.com"]
[Source "ChessBase"]
[SourceQuality "1"]
[WhiteTeam "Kenya"]
[WhiteTeamCountry "KEN"]

1. d4 Nf6 2. Bg5 d5 3. Bxf6 exf6 4. e3 Bd6 5. Bd3 O-O 6. Nf3 f5 7. O-O Nc6 8. c3 f4 9. e4 dxe4 10. Bxe4 Re8 11. Qd3 g6 12. Na3 Bxa3 13. bxa3 Bg4 14. Bxc6 bxc6 15. Ne5 Bf5 16. Qc4 Rxe5 17. dxe5 Bd3 18. Rfd1 Bxc4 19. Rxd8+ Rxd8 20. a4 Re8 21. Re1 f6 22. Re4 Rxe5 23. Rxe5 fxe5 24. f3 Bxa2 25. Kf2 Kf7 26. Ke2 Ke6 27. Kd3 Kd5 28. h4 a5 29. Kc2 Bc4 30. Kd2 Bf1 31. Kc2 Bxg2 32. Kb3 Bxf3 33. c4+ Kd4 34. Kc2 Ke3 35. c5 Kf2 36. Kd2 e4 37. h5 e3+ 38. Kc3 e2 39. hxg6 hxg6 40. Kd2 e1=Q+ 41. Kd3 Qe2+ 42. Kd4 Qe4+ 43. Kc3 Qxa4 44. Kd2 Qa3 45. Kc2 Be4+ 46. Kd2 Qb3 47. Kc1 Qc2# 0-1

[Event "FIDE Olympiad Disabilties 2020"]
[Site "Online"]
[Date "2020.11.21"]
[Round "6.23"]
[White "Sadam, Ali Sheikh"]
[Black "Osorio, Jesus Camilo"]
[Result "0-1"]
[WhiteElo "1190"]
[BlackElo "1859"]
[Annotator "NA"]
[PlyCount "64"]
[EventDate "2020.11.21"]
[EventType "team-tourn"]
[EventCountry "NET"]
[SourceTitle "playchess.com"]
[Source "ChessBase"]
[SourceQuality "1"]
[BlackTeam "Panama"]
[BlackTeamCountry "PAN"]

1. d4 d5 2. Bf4 Nf6 3. e3 Bf5 4. c3 e6 5. Nf3 Nbd7 6. c4 Bxb1 7. Rxb1 Bb4+ 8. Ke2 Be7 9. Qb3 b6 10. Ke1 O-O 11. Bd3 c5 12. Ke2 cxd4 13. Rhd1 Nc5 14. Qc2 Nxd3 15. Qxd3 dxe3 16. Bxe3 e5 17. Nxe5 Qc7 18. f4 Bd6 19. Kf1 Bxe5 20. fxe5 Qxe5 21. Bd4 Qf4+ 22. Kg1 dxc4 23. Qg3 Qxg3 24. hxg3 Ne4 25. b3 cxb3 26. Rxb3 Rfd8 27. Kh2 Rd5 28. Rb4 f5 29. Rc1 Rad8 30. Be3 Nf6 31. Kg1 Ng4 32. Bf4 Rd1+ 0-1

[Event "FIDE Olympiad Disabilties 2020"]
[Site "Online"]
[Date "2020.11.21"]
[Round "6.24"]
[White "Sargissyan, Sargis"]
[Black "Ab Rahman, Muhd Ikmal Faiz"]
[Result "1-0"]
[WhiteElo "2269"]
[BlackElo "1414"]
[Annotator "TA"]
[PlyCount "49"]
[EventDate "2020.11.21"]
[EventType "team-tourn"]
[EventCountry "NET"]
[SourceTitle "playchess.com"]
[Source "ChessBase"]
[SourceQuality "1"]
[WhiteTeam "Armenia"]
[BlackTeam "Malaysia"]
[WhiteTeamCountry "ARM"]
[BlackTeamCountry "MAS"]

1. e4 e6 2. d4 d5 3. Nc3 Bb4 4. e5 c5 5. a3 Bxc3+ 6. bxc3 Ne7 7. Qg4 Qc7 8. Bd3 cxd4 9. Ne2 dxc3 10. Qxg7 Rg8 11. Qxh7 Qxe5 12. h4 Rh8 13. Bf4 Rxh7 14. Bxe5 Rh6 15. Bg7 Rg6 16. Bxg6 fxg6 17. Bxc3 Nbc6 18. h5 gxh5 19. Rxh5 Kf7 20. Rh7+ Kg6 21. Rg7+ Kf5 22. Ng3+ Kf4 23. Bf6 Nf5 24. Ne2+ Ke4 25. Rg4# 1-0

[Event "FIDE Olympiad Disabilties 2020"]
[Site "Online"]
[Date "2020.11.21"]
[Round "6.24"]
[White "Johari, Mohd Johar"]
[Black "Atabekyan, Sargis"]
[Result "1-0"]
[WhiteElo "1241"]
[BlackElo "1946"]
[Annotator "TA"]
[PlyCount "33"]
[EventDate "2020.11.21"]
[EventType "team-tourn"]
[EventCountry "NET"]
[SourceTitle "playchess.com"]
[Source "ChessBase"]
[SourceQuality "1"]
[WhiteTeam "Malaysia"]
[BlackTeam "Armenia"]
[WhiteTeamCountry "MAS"]
[BlackTeamCountry "ARM"]

1. e4 c5 2. Nf3 d6 3. c3 Nf6 4. d4 Nxe4 5. Qd3 Nf6 6. dxc5 dxc5 7. Qxd8+ Kxd8 8. Bc4 e6 9. O-O Bd6 10. Rd1 Ke7 11. Bg5 Nbd7 12. Nbd2 h6 13. Ne4 hxg5 14. Nxd6 g4 15. Ng5 Ne5 16. Bb5 a6 17. Bd3 1-0